| 000 | 00381nam a2200133Ia 4500 | ||
|---|---|---|---|
| 008 | 231129s1959||||xx |||||||||||||| ||spa|| | ||
| 040 | _bspa | ||
| 082 | _a220.93 K29y | ||
| 100 | _aKeller Werner | ||
| 245 | 0 | _aY la biblia tenía razón: La verdad histórica comprobada por las investigaciones arqueológicas | |
| 260 | _c1959 | ||
| 264 | _aEdiciones Omega | ||
| 942 |
_2ddc _cBKS |
||
| 999 |
_c26481 _d26481 |
||